|
|
|
|
| LEADER |
00856nam a2200193 4500 |
| 005 |
20200810153956.0 |
| 008 |
710311s1971 nyuac b 001 0 eng |
| 082 |
0 |
0 |
|a 539.7/62/09
|b GRA
|
| 100 |
1 |
|
|a Graetzer, Hans G.,
|e comp.
|9 6822
|
| 245 |
1 |
4 |
|a The discovery of nuclear fission:
|b a documentary history
|c [by] Hans G. Graetzer [and] David L. Anderson.
|
| 300 |
|
|
|a viii, 120 p.
|b illus., ports.
|c 21 cm.
|
| 490 |
0 |
|
|a Van Nostrand Reinhold momentum books, no. 20
|
| 653 |
|
|
|a Nuclear fission--History.
|
| 700 |
1 |
|
|a Anderson, David L.,
|9 6821
|
| 710 |
2 |
|
|a Commission on College Physics.
|9 2755
|
| 942 |
|
|
|c BK
|6 _
|
| 260 |
|
|
|a New York,
|b Published for the Commission on College Physics [by] Van Nostrand Reinhold
|c [1971]
|
| 999 |
|
|
|c 214243
|d 214243
|
| 952 |
|
|
|0 0
|1 0
|2 ddc
|4 0
|6 53976209_GRA
|7 0
|9 273283
|a PHY
|b PHY
|d 2010-03-22
|o 539.7/62/09 GRA
|p phy003076
|r 2018-05-17
|w 2018-05-17
|y BK
|